[Event "NRW Verbandsklasse Group1 1314"]
[Site "Nordrheinwestfalen"]
[Date "2014.03.09"]
[Round "8"]
[White "Holl, Michael"]
[Black "Davydov, Boris"]
[Result "1/2-1/2"]
[WhiteElo "1757"]
[BlackElo "1785"]
[PlyCount "38"]
[EventDate "2013.09.08"]
[EventType "team-tourn"]
[EventRounds "9"]
[EventCountry "GER"]
[SourceTitle "EXT 2020"]
[Source "ChessBase"]
[SourceDate "2019.10.17"]
[SourceVersion "1"]
[SourceVersionDate "2019.10.17"]
[SourceQuality "1"]
[WhiteTeam "Oberhausen SW"]
[BlackTeam "Marten Boevinghausen"]
[WhiteTeamCountry "GER"]
[BlackTeamCountry "GER"]

1. e4 c5 2. Nf3 d6 3. d4 cxd4 4. Nxd4 Nf6 5. f3 e6 6. c4 Be7 7. Nc3 a6 8. Be3 Nc6 9. Be2 Qc7 10. Rc1 0-0 11. 0-0 Nxd4 12. Qxd4 Bd7 13. Rfd1 Bc6 14. Kh1 e5 15. Qd2 Qd7 16. Bb6 Bd8 17. Be3 Be7 18. Bb6 Bd8 19. Be3 Be7 1/2-1/2

[Event "NRW Verbandsklasse Group1 1314"]
[Site "Nordrheinwestfalen"]
[Date "2013.12.15"]
[Round "5"]
[White "Gross, Thomas"]
[Black "Davydov, Boris"]
[Result "1/2-1/2"]
[WhiteElo "1922"]
[BlackElo "1785"]
[PlyCount "42"]
[EventDate "2013.09.08"]
[EventType "team-tourn"]
[EventRounds "9"]
[EventCountry "GER"]
[SourceTitle "EXT 2020"]
[Source "ChessBase"]
[SourceDate "2019.10.17"]
[SourceVersion "1"]
[SourceVersionDate "2019.10.17"]
[SourceQuality "1"]
[WhiteTeam "Oberhausen SV III"]
[BlackTeam "Marten Boevinghausen"]
[WhiteTeamCountry "GER"]
[BlackTeamCountry "GER"]

1. Nf3 Nf6 2. g3 g6 3. b3 Bg7 4. Bb2 d5 5. c4 0-0 6. cxd5 Nxd5 7. Bxg7 Kxg7 8. Bg2 e6 9. 0-0 b6 10. d4 Bb7 11. Re1 Nd7 12. e4 N5f6 13. Nc3 c5 14. d5 exd5 15. e5 Ne8 16. Nxd5 Nc7 17. Nxc7 Qxc7 18. e6 Nf6 19. exf7 Rad8 20. Qe2 Bxf3 21. Bxf3 Rxf7 1/2-1/2

[Event "NRW Verbandsklasse Group1 1314"]
[Site "Nordrheinwestfalen"]
[Date "2013.11.24"]
[Round "4"]
[White "Cavasin, Joerg"]
[Black "Davydov, Boris"]
[Result "1-0"]
[WhiteElo "1867"]
[BlackElo "1785"]
[PlyCount "67"]
[EventDate "2013.09.08"]
[EventType "team-tourn"]
[EventRounds "9"]
[EventCountry "GER"]
[SourceTitle "EXT 2020"]
[Source "ChessBase"]
[SourceDate "2019.10.17"]
[SourceVersion "1"]
[SourceVersionDate "2019.10.17"]
[SourceQuality "1"]
[WhiteTeam "Altenessen"]
[BlackTeam "Marten Boevinghausen"]
[WhiteTeamCountry "GER"]
[BlackTeamCountry "GER"]

1. c4 Nf6 2. g3 g6 3. Bg2 Bg7 4. Nf3 0-0 5. 0-0 c5 6. Nc3 Nc6 7. d3 d6 8. Rb1 Bd7 9. a3 Qc8 10. Re1 a6 11. Bg5 Rb8 12. Nd5 Re8 13. Nb6 Qd8 14. Nxd7 Nxd7 15. Bd2 Nd4 16. Nxd4 Bxd4 17. e3 Bg7 18. Qc2 b5 19. b4 cxb4 20. axb4 Qb6 21. Rec1 Rbc8 22. Qb3 bxc4 23. dxc4 Rc7 24. Qa3 Ne5 25. c5 Qa7 26. f4 Nd7 27. cxd6 Rxc1+ 28. Rxc1 exd6 29. Rc6 Nb6 30. b5 Rc8 31. Qxa6 Qxa6 32. bxa6 Rxc6 33. Bxc6 Nc8 34. Bb7 1-0

[Event "Ruhrgebiet VK2 1112"]
[Site "Nordrheinwestfalen"]
[Date "2011.11.13"]
[Round "3"]
[White "Davydov, Boris"]
[Black "Greger, Helmut"]
[Result "1/2-1/2"]
[WhiteElo "1773"]
[BlackElo "1937"]
[PlyCount "55"]
[EventDate "2012.09.18"]
[EventType "team-tourn"]
[EventRounds "9"]
[EventCountry "GER"]
[SourceTitle "EXT 2020"]
[Source "ChessBase"]
[SourceDate "2019.10.17"]
[SourceVersion "1"]
[SourceVersionDate "2019.10.17"]
[SourceQuality "1"]
[WhiteTeam "Marten Boevinghausen"]
[BlackTeam "Rochade Steele/Kray"]
[WhiteTeamCountry "GER"]
[BlackTeamCountry "GER"]

1. d4 g6 2. c4 Bg7 3. Nc3 d6 4. e4 Nc6 5. Be3 e5 6. d5 Nce7 7. Qd2 f5 8. f3 Nf6 9. 0-0-0 0-0 10. Bd3 a6 11. Kb1 Bd7 12. a4 b6 13. b3 Qb8 14. Nge2 fxe4 15. fxe4 Ng4 16. Bg5 Qe8 17. Rde1 Nf2 18. Rhf1 Nxd3 19. Qxd3 Kh8 20. Nc1 Ng8 21. Rxf8 Bxf8 22. Rf1 Bh6 23. Bxh6 Nxh6 24. h3 Qe7 25. Rf2 Rf8 26. Qf1 Rxf2 27. Qxf2 Kg7 28. Nd3 1/2-1/2

[Event "Ruhrgebiet VK3 0001"]
[Site "Ruhrgebiet"]
[Date "2001.05.13"]
[Round "9"]
[White "Davydov, Boris"]
[Black "Schlierkamp, Ferdinand"]
[Result "0-1"]
[WhiteElo "1850"]
[BlackElo "2078"]
[PlyCount "108"]
[EventDate "2000.09.17"]
[EventType "team-tourn"]
[EventRounds "9"]
[EventCountry "GER"]
[SourceTitle "EXT 2023"]
[Source "ChessBase"]
[SourceDate "2022.10.05"]
[SourceVersion "1"]
[SourceVersionDate "2022.10.05"]
[SourceQuality "1"]
[WhiteTeam "Marten Boevinghausen"]
[BlackTeam "Werne SK"]
[WhiteTeamCountry "GER"]
[BlackTeamCountry "GER"]

1. g3 c5 2. Bg2 Nc6 3. d3 g6 4. Nc3 Bg7 5. e4 e6 6. Nge2 Nge7 7. 0-0 0-0 8. Bg5 h6 9. Bd2 Rb8 10. Qc1 Kh7 11. Rb1 b5 12. f4 d6 13. f5 exf5 14. exf5 Bxf5 15. Nd5 Nxd5 16. Bxd5 Ne7 17. Bg2 Qd7 18. Bc3 Bxc3 19. Nxc3 d5 20. Rf2 d4 21. Ne4 Bxe4 22. Bxe4 f5 23. Qf1 Kg7 24. Bg2 Rbe8 25. b4 Qd6 26. a3 Nd5 27. bxc5 Qxc5 28. Bxd5 Qxd5 29. Qg2 Qxg2+ 30. Kxg2 Re5 31. Rb4 Rd8 32. Rf4 Red5 33. a4 a6 34. g4 fxg4 35. Rxg4 Kf6 36. Rf4+ Ke5 37. Re4+ Kf5 38. axb5 axb5 39. Rb1 h5 40. h4 Kf6 41. Rf1+ Rf5 42. Rff4 Rxf4 43. Rxf4+ Ke5 44. Re4+ Kd5 45. Re7 Rc8 46. Rd7+ Ke5 47. Re7+ Kd6 48. Rg7 Rxc2+ 49. Kf3 b4 50. Rb7 Rh2 51. Rb6+ Kc5 52. Rxg6 Rh3+ 53. Kg2 Rxd3 54. Rg8 Kc4 0-1

[Event "Ruhrgebiet VK3 0001"]
[Site "Ruhrgebiet"]
[Date "2001.02.18"]
[Round "8"]
[White "Davydov, Boris"]
[Black "Hahn, Matthias"]
[Result "1/2-1/2"]
[WhiteElo "1850"]
[BlackElo "1975"]
[PlyCount "60"]
[EventDate "2000.09.17"]
[EventType "team-tourn"]
[EventRounds "9"]
[EventCountry "GER"]
[SourceTitle "EXT 2023"]
[Source "ChessBase"]
[SourceDate "2022.10.05"]
[SourceVersion "1"]
[SourceVersionDate "2022.10.05"]
[SourceQuality "1"]
[WhiteTeam "Marten Boevinghausen"]
[BlackTeam "Bochum SG III"]
[WhiteTeamCountry "GER"]
[BlackTeamCountry "GER"]

1. d4 Nf6 2. c4 e6 3. Nf3 Bb4+ 4. Bd2 Qe7 5. Qb3 Bxd2+ 6. Nbxd2 d6 7. e3 0-0 8. g3 b6 9. Bg2 Bb7 10. 0-0 Nbd7 11. Rfe1 c5 12. a4 a5 13. Rac1 Rab8 14. Ng5 Bxg2 15. Kxg2 d5 16. Ngf3 cxd4 17. exd4 dxc4 18. Nxc4 Nd5 19. Nce5 Nxe5 20. dxe5 Rbc8 21. Rc4 Qb7 22. Rec1 h6 23. Rxc8 Rxc8 24. Rc4 Rxc4 25. Qxc4 Nb4 26. b3 Kh7 27. g4 Na6 28. Kg3 Nc5 29. Kf4 Nd7 30. Ke3 Nc5 1/2-1/2

[Event "Ruhrgebiet VK3 0001"]
[Site "Ruhrgebiet"]
[Date "2000.11.19"]
[Round "3"]
[White "Schaefer, Martin"]
[Black "Davydov, Boris"]
[Result "1/2-1/2"]
[WhiteElo "1837"]
[BlackElo "1850"]
[PlyCount "39"]
[EventDate "2000.09.17"]
[EventType "team-tourn"]
[EventRounds "9"]
[EventCountry "GER"]
[SourceTitle "EXT 2023"]
[Source "ChessBase"]
[SourceDate "2022.10.05"]
[SourceVersion "1"]
[SourceVersionDate "2022.10.05"]
[SourceQuality "1"]
[WhiteTeam "Drewer SG"]
[BlackTeam "Marten Boevinghausen"]
[WhiteTeamCountry "GER"]
[BlackTeamCountry "GER"]

1. e4 c5 2. Nf3 d6 3. d4 cxd4 4. Nxd4 Nf6 5. Nc3 g6 6. Bc4 Bg7 7. f3 0-0 8. Be3 Nc6 9. a3 Bd7 10. Qd2 Ne5 11. Bb3 Rc8 12. 0-0 a6 13. Rfd1 Nc4 14. Bxc4 Rxc4 15. Nce2 b5 16. c3 Qb8 17. Bh6 Rd8 18. Bxg7 Kxg7 19. Nc2 Rcc8 20. Ne3 1/2-1/2

[Event "Ruhrgebiet VL,VK 9900 Relegation2"]
[Site "Ruhrgebiet"]
[Date "2000.06.25"]
[Round "?"]
[White "Hofmann, Ralf"]
[Black "Davydov, Boris"]
[Result "1/2-1/2"]
[WhiteElo "1837"]
[BlackElo "1808"]
[PlyCount "67"]
[EventDate "2000.??.??"]
[EventType "team-tourn"]
[EventRounds "3"]
[EventCountry "GER"]
[SourceTitle "EXT 2024"]
[Source "ChessBase"]
[SourceDate "2023.10.10"]
[SourceVersion "1"]
[SourceVersionDate "2023.10.10"]
[SourceQuality "1"]
[WhiteTeam "Ruettenscheid Rochade"]
[BlackTeam "Marten Boevinghausen"]
[WhiteTeamCountry "GER"]
[BlackTeamCountry "GER"]

1. d4 f5 2. Nf3 Nf6 3. Bf4 g6 4. h3 Bg7 5. e3 0-0 6. Nbd2 Nc6 7. c3 e6 8. Be2 d6 9. 0-0 Qe8 10. Bb5 Bd7 11. Bxc6 Bxc6 12. Qc2 Ne4 13. Bh2 b6 14. c4 e5 15. d5 Nxd2 16. Qxd2 Bd7 17. b4 a5 18. a3 axb4 19. axb4 Qe7 20. Ra2 Rfb8 21. Rfa1 Qe8 22. b5 Qc8 23. Ra7 Rxa7 24. Rxa7 Ra8 25. Qa2 Rxa7 26. Qxa7 e4 27. Ne1 Kf7 28. Nc2 Bc3 29. Qa3 Qh8 30. Qa7 Qd8 31. Kf1 g5 32. Qa3 Qf6 33. Qc1 Bb2 34. Qd1 1/2-1/2